As duas sombras do rio (Registo nº 17783)

Detalhes MARC
000 -Etiqueta do registo
campo de controlo de comprimento fixo 006460000a22002050004500
001 - Identificador do registo
Campo de controlo 17783
010 ## - ISBN
Número (ISBN) 972-21-1552-9
100 ## - Dados Gerais de Proc.
Dados gerais de processamento 20041222d2003 k y0pory5003 ba
101 0# - Língua da publicação
Língua do texto, banda sonora, etc. Português
102 ## - País de Publicação
País de publicação Portugal
200 1# - Título
Título próprio As duas sombras do rio
Informação de outro título romance
Primeira menção de responsabilidade João Paulo Borges Coelho
210 ## - Publicação, Distribuição
Lugar da edição, distribuição, etc. Lisboa
Nome do editor, distribuidor, etc. Caminho
Data da publicação, distribuição, etc. 2003
215 ## - Descrição física
Descrição física 262 p
225 2# - Colecção
Título próprio da colecção Outras margens
Indicação de volume 15
675 ## - CDU
Notação 821.134.3(679)-31"19/20"
Edição BN
Língua da edição Português
700 ## - Responsabilidade principal
Palavra de ordem Coelho
Outra parte do nome João Paulo Borges
Datas 1955-
Koha Internal Code 14534
801 ## - Fonte de origem
País Portugal
Agência BN
Regras de catalogação RPC
090 ## - Números de controlo do sistema (Koha)
Número biblioitem do Koha (gerado automaticamente) 17783
942 ## - Elementos de entrada adicionados (Koha)
Tipo de item no Koha Monografias
Suprimido Disponível no OPAC
999 ## - Campo local
Campo local 17783
Exemplares
Removido (estado) Perdido (estado) Data de aquisição Origem do registo (biblioteca) (codificado) Código da organização que empresta ou é detentora (biblioteca) Código de barras Local Número de inventário Cota Tipo de circulação (não pode ser emprestado) Tipo de item e material
Disponível Disponível 2004-12-22 Biblioteca Municipal Álvaro de Campos Biblioteca Municipal Álvaro de Campos BMTAV33466 Sala de Adultos 33466 R4 COE Normal Monografias
Disponível Disponível 2004-12-22 Biblioteca Municipal Álvaro de Campos Biblioteca Municipal Álvaro de Campos BMTAV26152 Sala de Adultos 26152 R4 COE Normal Monografias
Disponível Disponível 2024-02-15 Biblioteca Municipal Álvaro de Campos Biblioteca Municipal Álvaro de Campos BMTAV62670 Sala de Adultos 62670 R4 COE Normal Monografias